Normal view
MARC view
Entry Personal Name
001 - CONTROL NUMBER
- control field: 1691
003 - CONTROL NUMBER IDENTIFIER
- control field: BD-RjUL
005 - DATE AND TIME OF LATEST TRANSACTION
- control field: 20220305103855.0
008 - FIXED-LENGTH DATA ELEMENTS
- fixed length control field: 220305|| aca||aabn | a|a d
040 ## - CATALOGING SOURCE
- Original cataloging agency: BD-RjUL
- Transcribing agency: BD-RjUL
100 ## - HEADING--PERSONAL NAME
- Personal name: Mondul, M. Nazrul Islam, Supervisor
670 ## - SOURCE DATA FOUND
- Source citation: Work cat.: (BD-RjUL)79492: Haque, Md. Rajwanul 1687, Socio- economic correlates of child labour in agricaulture sector :, 2006